Największe overalle w Klubach NBA w grze NBA2k23 - Statystyki

Ogólne statystyki
  • Ten quiz został rozwiązany 312 razy
  • Średni wynik to 21 z 30
Statystyki odpowiedzi
Zespół Overall Zawodnik % Poprawnych
LA Lakers 96 LeBron James
96%
Boston Celtics 90 Jayson Tatum
92%
Memphis Grizziles 93 Ja Morant
91%
Philadelphia 76ers 96 Joel Embiid
91%
Denver Nuggets 96 Nikola Jokić
91%
Dallas Mavericks 95 Luka Doncic
90%
Golden State Warriors 96 Steph Curry
90%
Brooklyn Nets 96 Kevin Durant
89%
LA Clippers 95 Kawhi Leonard
88%
Charlotte Hornets 86 LaMelo Ball
88%
Atlanta Hawks 90 Trae Young
87%
Miami Heat 92 Jimmy Butler
85%
Phoenix Suns 91 Devin Booker
83%
New Orleans Pelicans 89 Zion Williamson
82%
Milwuakee Bucks 97 Giannis Antetokounmpo
81%
Portland Trail Blazers 90 Damian Lillard
78%
Chicago Bulls 90 DeMar DeRozan
76%
Utah Jazz 87 Donovan Mitchell
75%
Sacrametno Kings 87 Domantas Sabonis
72%
Oklahoma City Thunder 88 Shai Gilgeous-Alexander
70%
Minnesota Timberwolves 89 Karl-Anthony Towns
68%
Indiana Pacers 83 Tyrese Haliburton
62%
Washington Wizards 87 Bradley Beal
56%
Toronto Raptors 87 Pascal Siakam
56%
Cleveland Cavaliers 88 Darius Garland
48%
Detroit Pistons 82 Cade Cunningham
43%
Houston Rockets 80 Jalen Green
36%
San Antonio Spurs 82 Keldon Johnson
31%
New York Knicks 85 R.J Barrett
18%
Orlando Magic 83 Wendell Carter Jr.
12%
Nie znaleziono quizów pasujących do podanych kryteriów
Rozkład punktacji
Procent ludzi z każdym wynikiem
Percentyl według liczby udzielonych odpowiedzi
Twoja historia wyników
Nie rozwiązałeś tego quizu